Las relaciones de casework
Bewaard in:
| Hoofdauteur: | |
|---|---|
| Formaat: | Boek |
| Taal: | Spaans |
| Gepubliceerd in: |
Madrid
Aguilar
1966
|
| Reeks: | Colección Psicología y Educación
|
| Onderwerpen: | |
| Tags: |
Voeg label toe
Geen labels, Wees de eerste die dit record labelt!
|
MARC
| LEADER | 00000nam a2200000 a 4500 | ||
|---|---|---|---|
| 001 | UCY7662 | ||
| 003 | CL-VaPUC | ||
| 005 | 20241111120339.0 | ||
| 008 | 950616e19660000SP |||||||||||||||||spa|d | ||
| 999 | |c 234992 |d 234990 | ||
| 040 | |c Pontificia Universidad Católica de Valparaíso | ||
| 082 | 0 | 4 | |a 361.3 BIE 1966 |2 21 |
| 100 | 0 | |a Biestek, Félix P |9 338303 | |
| 245 | 1 | 4 | |a Las relaciones de casework |
| 260 | |a Madrid |b Aguilar |c 1966 | ||
| 300 | |a 149 páginas | ||
| 490 | 0 | |a Colección Psicología y Educación | |
| 583 | |a last modification |c 19950616 00:00:00 |k Rodrigo Vera | ||
| 650 | 0 | |a Trabajo social |9 307856 | |
| 650 | 0 | |a Bienestar social |9 255298 | |
| 650 | 0 | |a Servicios sociales |9 338304 | |
| 650 | 0 | |a Trabajadores sociales |9 308884 | |
| 650 | 0 | |a Relaciones interpersonales |9 307056 | |
| 650 | 7 | |a CONTACTO PERSONAL |2 CL-VaPUC |9 338305 | |
| 650 | 0 | |a Ética |9 255099 | |
| 942 | |c BK |2 ddc | ||
| 945 | |d 19950616 00:00:00 |a cmena | ||
| 952 | |0 0 |1 0 |2 ddc |4 0 |6 361_300000000000000_BIE_1966 |7 0 |8 P |9 242059 |a BIBEDU |b BIBEDU |c BIBEDU_PB |d 2019-11-18 |i 1519778 |o 361.3 BIE 1966 |p 1519778 |r 2024-01-25 |t 1 |w 2019-11-18 |y BK |k EDU | ||